000 00537nam a2200157Ia 4500
008 151213s9999 xx 000 0 und d
020 _a984-8401-84-9
100 _aমুসা মাহমুদ।
245 _aখেলে যায় রেীদ্র ছায়া।
_cমুসা মাহমুদ।
260 _aঢাকা
_bনবরাগ প্রকাশনী।
_c2009
300 _a8402 p.
650 _aBangla
650 _aBengali Literature
700 _aমুসা মাহমুদ।
999 _c4240
_d4240